All HARDY Songs - Statistics

General Stats
  • This quiz has been taken 40 times
  • The average score is 44 of 74
Answer Stats
Album Answer % Correct
A ROCK A ROCK
96%
QUIT!! QUIT!!
96%
the mockingbird & THE CROW the mockingbird & THE CROW
96%
QUIT!! JIM BOB
88%
the mockingbird & THE CROW red
88%
A ROCK TRUCK
88%
the mockingbird & THE CROW happy
85%
the mockingbird & THE CROW JACK
85%
the mockingbird & THE CROW KILL SH!T TILL I DIE
85%
the mockingbird & THE CROW TRUCK BED
85%
QUIT!! HAPPY HOUR
81%
QUIT!! ROCKSTAR
81%
QUIT!! SIX FEET UNDER (Caleigh’s Song)
81%
the mockingbird & THE CROW beer
77%
A ROCK GIVE HEAVEN SOME HELL
77%
the mockingbird & THE CROW screen
77%
the mockingbird & THE CROW THE REDNECK SONG
77%
the mockingbird & THE CROW wait in the truck
77%
A ROCK BOOTS
73%
QUIT!! GOOD GIRL PHASE
73%
HiXTAPE Vol. 1 He Went To Jared
73%
QUIT!! PSYCHO
73%
the mockingbird & THE CROW RADIO SONG
73%
This Ole Boy (EP) REDNECKER
73%
QUIT!! TIME TO BE DEAD
73%
Where To Find Me (EP) WHERE TO FIND ME
73%
the mockingbird & THE CROW drink one for me
69%
the mockingbird & THE CROW i in country
69%
QUIT!! LIVE FOREVER
69%
HiXTAPE Vol. 1 One Beer
69%
A ROCK ONE BEER
69%
the mockingbird & THE CROW .30-06
65%
A ROCK BOYFRIEND
65%
the mockingbird & THE CROW here lies country music
65%
QUIT!! I DON’T MISS
65%
the mockingbird & THE CROW SOLD OUT
65%
QUIT!! SOUL4SALE
65%
QUIT!! WHYBMWL
65%
QUIT!! ORPHAN
62%
A ROCK BROKE BOY
58%
This Ole Boy (EP) THIS OLE BOY
58%
This Ole Boy (EP) 4X4
54%
A ROCK AIN’T A BAD DAY
54%
HiXTAPE Vol. 2 Goin’ Nowhere
54%
A ROCK HATE YOUR HOMETOWN
54%
the mockingbird & THE CROW I AIN’T IN THE COUNTRY NO MORE
54%
HiXTAPE Vol. 1 Nothin’ Out Here
54%
HiXTAPE Vol. 1 Redneck Tendencies
54%
A ROCK WHERE YA AT?
54%
HiXTAPE Vol. 1 Boy From The South
50%
Where To Find Me (EP) SIGNED, SOBER YOU
50%
A ROCK UNAPOLOGETICALLY COUNTRY AS HELL
50%
Where To Find Me (EP) ALL SHE LEFT WAS ME
42%
HiXTAPE Vol. 2 I Smoke Weed
42%
A ROCK SO CLOSE
42%
This Ole Boy (EP) THROWBACK
42%
HiXTAPE Vol. 1 Turn You Down
42%
Where To Find Me (EP) I’LL QUIT LOVIN’ YOU
38%
HiXTAPE Vol. 1 My Kinda Livin’
38%
HiXTAPE Vol. 1 No Place Like Hometown
38%
HiXTAPE Vol. 2 One Of Y’all
38%
HiXTAPE Vol. 1 Something A Lil Stronger
38%
HiXTAPE Vol. 1 What They Make Backroads For
38%
HiXTAPE Vol. 2 Beer Song
35%
HiXTAPE Vol. 2 Beer With My Buddies
35%
HiXTAPE Vol. 2 Drink Up
35%
HiXTAPE Vol. 2 Hometown Boys
35%
HiXTAPE Vol. 2 To Hank
35%
HiXTAPE Vol. 2 WD-40 4WD
35%
HiXTAPE Vol. 2 Break Your Own Damn Heart
27%
HiXTAPE Vol. 2 Jonesin’
27%
HiXTAPE Vol. 2 In Love With My Problems
23%
HiXTAPE Vol. 2 Red Dirt Clouds
23%
HiXTAPE Vol. 2 Small Town On It
15%
No matching quizzes found
Score Distribution
Percent of People with Each Score
Percentile by Number Answered
Your Score History
You have not taken this quiz